Power and identity in the post-Soviet realm : geographies of ethnicity and nationality after 1991 /

Bibliographic Details
Main Authors: Bottlik, Zsolt, 1966- (Author, Editor), Demeter, Gábor (Author), Köszegi, Margit (Author), Barta, Géza (Author), Illés,Tamás (Author), Baroch, Csaba (Author)
Other Authors: Berki, Márton (Editor), Jobbitt, Steven (Editor), Umland, Andreas (Editor)
Format: Book
Language:English
Published: Stuttgart, Germany : Ibidem Verlag, [2021]
Series:Soviet and post-Soviet politics and society ; 222.
Subjects:

MARC

Tag First Indicator Second Indicator Subfields
LEADER 00000cam a2200000 i 4500
001 in00004427113
005 20211018101830.0
008 210323t20212021gw ab b 000 0 eng d
020 |a 9783838213996  |q paperback 
020 |a 3838213998  |q paperback 
035 |a (OCoLC)on1253366668 
040 |a TOH  |e rda  |c TOH  |d YDX  |d GZN  |d TXA  |d UtOrBLW 
043 |a e-ur--- 
049 |a TXAM 
082 0 |a 304.20947  |2 23 
090 |a GF601  |b .P69 2021 
245 0 0 |a Power and identity in the post-Soviet realm :  |b geographies of ethnicity and nationality after 1991 /  |c Zsolt Bottlik, Márton Berki, Steven Jobbitt (eds.). 
264 1 |a Stuttgart, Germany :  |b Ibidem Verlag,  |c [2021] 
264 4 |c ©2021 
300 |a xv, 299 pages :  |b illustrations, maps ;  |c 21 cm. 
336 |a text  |b txt  |2 rdacontent 
337 |a unmediated  |b n  |2 rdamedia 
338 |a volume  |b nc  |2 rdacarrier 
490 1 |a Soviet and Post-Soviet Politics and Society ;  |v vol. 222 
504 |a Includes bibliographical references. 
650 0 |a Geopolitics  |z Former Soviet republics. 
650 0 |a Geopolitics  |z Former communist countries. 
650 0 |a National characteristics.  |0 http://id.loc.gov/authorities/subjects/sh85089948 
650 0 |a Nationalism  |z Former Soviet republics.  |0 http://id.loc.gov/authorities/subjects/sh2010103162 
650 0 |a Ethnicity  |x Social aspects  |z Former Soviet republics. 
700 1 |a Bottlik, Zsolt,  |d 1966-  |e editor,  |e author.  |0 http://id.loc.gov/authorities/names/no2009085314 
700 1 |a Berki, Márton,  |e editor.  |0 http://id.loc.gov/authorities/names/no2021113034 
700 1 |a Jobbitt, Steven,  |e editor.  |0 http://id.loc.gov/authorities/names/no2021113032 
700 1 |a Umland, Andreas,  |e editor.  |0 http://id.loc.gov/authorities/names/nr00016736 
700 1 |a Demeter, Gábor,  |e author.  |0 http://id.loc.gov/authorities/names/n2007062559 
700 1 |a Köszegi, Margit,  |e author. 
700 1 |a Barta, Géza,  |e author. 
700 1 |a Illés,Tamás,  |e author. 
700 1 |a Baroch, Csaba,  |e author. 
830 0 |a Soviet and post-Soviet politics and society ;  |v 222.  |0 http://id.loc.gov/authorities/names/n2005043599 
945 |a PromptCat 
948 |a cataloged  |b h  |c 2021/7/13  |d c  |e dmitchel  |f 8:44:16 am 
994 |a C0  |b TXA 
999 f f |s 755965d8-0c17-3aaf-8bdf-42d1e7f0e59e  |i 2cbc4dbb-9541-32fe-985e-afb573b88990  |t 0 
952 f f |p normal  |a Texas A&M University  |b College Station  |c Sterling C. Evans Library  |d Evans: Library Stacks  |t 0  |e GF601 .P69 2021  |h Library of Congress classification  |i unmediated -- volume  |m A14851633744 
998 f f |a GF601 .P69 2021  |t 0  |l Evans: Library Stacks